<?xml version="1.0" encoding="UTF-8"?>
<record
    xmlns:xsi="http://www.w3.org/2001/XMLSchema-instance"
    xsi:schemaLocation="http://www.loc.gov/MARC21/slim http://www.loc.gov/standards/marcxml/schema/MARC21slim.xsd"
    xmlns="http://www.loc.gov/MARC21/slim">

  <leader>00693nam a22001577a 4500</leader>
  <controlfield tag="003">OSt</controlfield>
  <controlfield tag="005">20151106161547.0</controlfield>
  <controlfield tag="008">151106b        xxu||||| |||| 00| 0 eng d</controlfield>
  <datafield tag="040" ind1=" " ind2=" ">
    <subfield code="c">RUA</subfield>
  </datafield>
  <datafield tag="082" ind1=" " ind2=" ">
    <subfield code="a">FOR TOU 2002 B129 Or.1</subfield>
  </datafield>
  <datafield tag="100" ind1=" " ind2=" ">
    <subfield code="9">3471</subfield>
    <subfield code="a">TOUCH, TETRA.</subfield>
  </datafield>
  <datafield tag="245" ind1=" " ind2=" ">
    <subfield code="a">Study on planning to improve and include the plants in royal univercity of agriculture, &#x179F;&#x17B7;&#x1780;&#x17D2;&#x179F;&#x17B6;&#x1782;&#x17C6;&#x179A;&#x17C4;&#x1784;&#x1780;&#x17B6;&#x179A;&#x1780;&#x17C2;&#x179B;&#x17C6;&#x17A2; &#x1793;&#x17B7;&#x1784;&#x178A;&#x17B6;&#x1780;&#x17CB;&#x1794;&#x1789;&#x17D2;&#x1785;&#x17BC;&#x179B;&#x179A;&#x17BB;&#x1780;&#x17D2;&#x1781;&#x1787;&#x17B6;&#x178F;&#x17B7; &#x1793;&#x17C5;&#x1780;&#x17D2;&#x1793;&#x17BB;&#x1784;&#x1794;&#x179A;&#x17B7;&#x179C;&#x17C1;&#x178E;&#x179F;&#x17B6;&#x1780;&#x179B;&#x179C;&#x17B7;&#x1791;&#x17D2;&#x1799;&#x17B6;&#x179B;&#x17D0;&#x1799;&#x1797;&#x17BC;&#x1798;&#x17B7;&#x1793;&#x17D2;&#x1791;&#x1780;&#x179F;&#x17B7;&#x1780;&#x1798;&#x17D2;&#x1798;</subfield>
  </datafield>
  <datafield tag="260" ind1=" " ind2=" ">
    <subfield code="a">Phnom Penh</subfield>
    <subfield code="b">RUA</subfield>
    <subfield code="c">2002</subfield>
  </datafield>
  <datafield tag="300" ind1=" " ind2=" ">
    <subfield code="a">44p.</subfield>
    <subfield code="b">ill.</subfield>
    <subfield code="c">29cm.</subfield>
  </datafield>
  <datafield tag="942" ind1=" " ind2=" ">
    <subfield code="2">ddc</subfield>
    <subfield code="c">FOR</subfield>
  </datafield>
  <datafield tag="999" ind1=" " ind2=" ">
    <subfield code="c">3239</subfield>
    <subfield code="d">3239</subfield>
  </datafield>
  <datafield tag="952" ind1=" " ind2=" ">
    <subfield code="0">0</subfield>
    <subfield code="1">0</subfield>
    <subfield code="2">ddc</subfield>
    <subfield code="4">0</subfield>
    <subfield code="6">FOR_TOU_2004_000000000000000_B129_OR_1</subfield>
    <subfield code="7">0</subfield>
    <subfield code="9">15186</subfield>
    <subfield code="a">LBB</subfield>
    <subfield code="b">LBB</subfield>
    <subfield code="c">B129</subfield>
    <subfield code="d">2015-11-06</subfield>
    <subfield code="l">4</subfield>
    <subfield code="o">FOR TOU 2004 B129 Or.1</subfield>
    <subfield code="p">RUA033845</subfield>
    <subfield code="r">2023-05-31</subfield>
    <subfield code="s">2023-05-09</subfield>
    <subfield code="w">2015-11-06</subfield>
    <subfield code="y">FOR</subfield>
  </datafield>
  <datafield tag="952" ind1=" " ind2=" ">
    <subfield code="0">0</subfield>
    <subfield code="1">0</subfield>
    <subfield code="2">ddc</subfield>
    <subfield code="4">0</subfield>
    <subfield code="6">FOR_TOU_2004_000000000000000_B129_OR_2</subfield>
    <subfield code="7">0</subfield>
    <subfield code="9">15187</subfield>
    <subfield code="a">LBB</subfield>
    <subfield code="b">LBB</subfield>
    <subfield code="c">B129</subfield>
    <subfield code="d">2015-11-06</subfield>
    <subfield code="l">1</subfield>
    <subfield code="o">FOR TOU 2004 B129 Or.2</subfield>
    <subfield code="p">RUA034582</subfield>
    <subfield code="r">2023-01-24</subfield>
    <subfield code="s">2023-01-10</subfield>
    <subfield code="w">2015-11-06</subfield>
    <subfield code="y">FOR</subfield>
  </datafield>
  <datafield tag="952" ind1=" " ind2=" ">
    <subfield code="0">0</subfield>
    <subfield code="1">0</subfield>
    <subfield code="2">ddc</subfield>
    <subfield code="4">0</subfield>
    <subfield code="6">FOR_TOU_2004_000000000000000_B_129_OR_3</subfield>
    <subfield code="7">0</subfield>
    <subfield code="9">15188</subfield>
    <subfield code="a">LBB</subfield>
    <subfield code="b">LBB</subfield>
    <subfield code="c">B129</subfield>
    <subfield code="d">2015-11-06</subfield>
    <subfield code="l">2</subfield>
    <subfield code="o">FOR TOU 2004 B 129 Or.3</subfield>
    <subfield code="p">RUA034298</subfield>
    <subfield code="r">2026-05-08</subfield>
    <subfield code="s">2026-04-21</subfield>
    <subfield code="w">2015-11-06</subfield>
    <subfield code="y">FOR</subfield>
  </datafield>
  <datafield tag="952" ind1=" " ind2=" ">
    <subfield code="0">0</subfield>
    <subfield code="1">0</subfield>
    <subfield code="2">ddc</subfield>
    <subfield code="4">0</subfield>
    <subfield code="6">FOR_TOU_2004_000000000000000_B129_OR_4</subfield>
    <subfield code="7">0</subfield>
    <subfield code="9">15189</subfield>
    <subfield code="a">LBB</subfield>
    <subfield code="b">LBB</subfield>
    <subfield code="c">B129</subfield>
    <subfield code="d">2015-11-06</subfield>
    <subfield code="o">FOR TOU 2004 B129 Or.4</subfield>
    <subfield code="p">RUA034358</subfield>
    <subfield code="r">2015-11-06</subfield>
    <subfield code="w">2015-11-06</subfield>
    <subfield code="y">FOR</subfield>
  </datafield>
  <datafield tag="952" ind1=" " ind2=" ">
    <subfield code="0">0</subfield>
    <subfield code="1">0</subfield>
    <subfield code="2">ddc</subfield>
    <subfield code="4">0</subfield>
    <subfield code="6">FOR_TOU_2004_000000000000000_B129_OR_5</subfield>
    <subfield code="7">0</subfield>
    <subfield code="9">15190</subfield>
    <subfield code="a">LBB</subfield>
    <subfield code="b">LBB</subfield>
    <subfield code="c">B129</subfield>
    <subfield code="d">2015-11-06</subfield>
    <subfield code="o">FOR TOU 2004 B129 Or.5</subfield>
    <subfield code="p">RUA034642</subfield>
    <subfield code="r">2015-11-06</subfield>
    <subfield code="w">2015-11-06</subfield>
    <subfield code="y">FOR</subfield>
  </datafield>
</record>
